000 00839nam a2200265Ia 4500
005 20260121170906.0
008 008 260114s9999 xx 000 0 eng d
020 _a9783319984162
037 _aEBOOK
040 _aCRL
040 _beng
040 _cCRL
041 _2eng
041 _aeng
084 _qCRL
100 _aMichael J. Nathanson, Jeffrey T. Craig, Jennifer A. Geoghegan, Nadine Gordon Lee, Michael A. Haber, Seth P. Hieken, Matthew C. Ilteris, D. Scott McDonald, Joseph A. Salvati, Stephen R. Stelljes
_91069462
245 0 _aPersonal Financial Planning for Executives and Entrepreneurs
260 _bSpringer
260 _bSpringer
260 _c2018
856 _uhttps://link.springer.com/openurl?genre=book&isbn=978-3-319-98416-2
942 _cEBOOK
999 _c1635192
_d1635192